L'Abat-Bisbe Oliba / por Eduard Junyent
Publicado:
San Jorge, núm. 85 (1r trimestre 1972), pàg 30 - 42 :
MARC
| LEADER | 00000nam a2200000Ia 4500 | ||
|---|---|---|---|
| 001 | |||
| 008 | 160829s9999 xx 000 0 cat d | ||
| 100 | 1 | |a Junyent, Eduard, |d 1901-1978 |9 29498 | |
| 245 | |a L'Abat-Bisbe Oliba / por Eduard Junyent | ||
| 260 | |a San Jorge, núm. 85 (1r trimestre 1972), pàg 30 - 42 | ||
| 600 | 0 | 0 | |a Oliba, |c bisbe de Vic, |d aproximadament 971-1046 |9 56109 |
| 650 | |a Bisbes |x Catalunya |x Vic |x Biografia |9 45086 | ||
| 901 | |a Arxiu | ||
| 942 | |n 1 | ||
| 952 | |0 0 |1 0 |4 0 |7 1 |9 52359 |a Arxiu |b Arxiu |d 2016-12-01 |l 0 |r 2016-12-01 00:00:00 |w 2016-12-01 |y ARXIU | ||
| 999 | |c 56207 |d 56207 | ||